MELANIE MARTINEZ PORTALS SETLIST - Statistics

General Stats
  • This quiz has been taken 145 times
  • The average score is 14 of 16
Answer Stats
SONG NUMBER SONG % Correct
1 DEATH
100%
2 VOID
99%
3 TUNNEL VISION
93%
6 SPIDER WEB
91%
16 MILK OF THE SIREN
89%
12 EVIL
88%
7 LEECHES
88%
5 LIGHT SHOWER
88%
10 MOON CYCLE
88%
15 PLUTO
88%
13 WOMB
88%
8 BATTLE OF THE LARYNX
87%
11 NYMPHOLOGY
87%
4 FAERIE SOIREE
85%
14 POWDER
83%
9 THE CONTORTIONIST
83%
No matching quizzes found
Score Distribution
Percent of People with Each Score
Percentile by Number Answered
Your Score History
You have not taken this quiz